Spotrebiteľské správanie na trhu kníh diplomová práca

Gespeichert in:
Bibliographische Detailangaben
1. Verfasser: Karabinošová, Klaudia
Körperschaft: Podnikovohospodárska fakulta EU so sídlom v Košiciach. Katedra obchodného podnikania
Weitere Verfasser: Janošková, Mária Ria, 1965-
Format: Buch
Sprache:Slowakisch
Veröffentlicht: Košice 2025
Tags: Tag hinzufügen
Keine Tags, Fügen Sie das erste Tag hinzu!

MARC

LEADER 00000nbm a2200000 4500
001 0309033
005 20251118131539.4
041 0 |a slo 
044 |a SK 
245 1 0 |a Spotrebiteľské správanie na trhu kníh  |b diplomová práca  |c Klaudia Karabinošová ; školiteľ: Mária Ria Janošková 
264 1 |a Košice  |c 2025 
300 |a 73 s. 
100 1 |a Karabinošová, Klaudia 
700 1 |a Janošková, Mária Ria, 1965- 
710 2 |a Podnikovohospodárska fakulta EU so sídlom v Košiciach. Katedra obchodného podnikania